LEADER 01220nam a2200289 i 4500 001 991000712729707536 005 20020507172620.0 008 981118s1974 de ||| | eng 020 $a3540066918 035 $ab10746778-39ule_inst 035 $aLE01301107$9ExL 040 $aDip.to Matematica$beng 082 0 $a516.35 084 $aAMS 14-01 100 1 $aShafarevich, Igor Rostislavovich$054610 245 10$aBasic algebraic geometry /$cI. R. Shafarevich ; translated from the russian by K. A. Hirsch 260 $aBerlin :$bSpringer-Verlag,$c1974 300 $axv, 439 ;$c24 cm. 490 0 $aGrundlehren der mathematischen Wissenschaften = A series of comprehensive studies in mathematics,$x0072-7830 ;$v213 650 0$aAlgebraic geometry-textbooks 907 $a.b10746778$b23-02-17$c28-06-02 912 $a991000712729707536 945 $aLE013 14-XX SHA11 C.1 (1974)$g1$i2013000109411$lle013$o-$pE0.00$q-$rl$s- $t0$u1$v0$w1$x0$y.i10839112$z28-06-02 945 $aLE013 14-XX SHA11 C.2 (1974)$g2$i2013000109428$lle013$o-$pE0.00$q-$rl$s- $t0$u0$v0$w0$x0$y.i10839124$z28-06-02 996 $aBasic algebraic geometry$9348639 997 $aUNISALENTO 998 $ale013$b01-01-98$cm$da $e-$feng$gde $h0$i2 LEADER 01205nam 2200409 450 001 9910818218203321 005 20230105163911.0 010 $a88-921-9463-1 035 $a(CKB)4100000011955435 035 $a(MiAaPQ)EBC6638358 035 $a(Au-PeEL)EBL6638358 035 $a(OCoLC)1256263225 035 $a(EXLCZ)994100000011955435 100 $a20220529d2020 uy 0 101 0 $aita 135 $aurcnu|||||||| 181 $ctxt$2rdacontent 182 $cc$2rdamedia 183 $acr$2rdacarrier 200 10$aProcreazione umana e diritti fondamentali /$fMaria Pia Iadicicco 210 1$aTorino, Italy :$cG. Giappichelli,$d[2020] 210 4$dİ2020 215 $a1 online resource (449 pages) 320 $aIncludes bibliographical references and index. 606 $aHuman reproduction$xLaw 606 $aConstitutional law$zItaly 615 0$aHuman reproduction$xLaw. 615 0$aConstitutional law 676 $a342.73084 700 $aIadicicco$b Maria Pia$0599221 801 0$bMiAaPQ 801 1$bMiAaPQ 801 2$bMiAaPQ 906 $aBOOK 912 $a9910818218203321 996 $aProcreazione umana e diritti fondamentali$92998872 997 $aUNINA